| 000 | 00670nam a2200205Ii 4500 | ||
|---|---|---|---|
| 003 | JO-AjNU | ||
| 008 | 230605s9999||||xx |||||||||||||| ||und|| | ||
| 017 | _a2006/23734 | ||
| 040 |
_aJO-AjNU _bara _erda _cJO-AjNU |
||
| 041 | _aara | ||
| 050 | 1 | 4 | _aHG4523 2007 |
| 100 | 3 |
_aمؤمن، طاهر, _eauthor _932485 |
|
| 245 | 0 | 0 | _aعقد بيع الاوراق المالية في البورصة |
| 264 | 3 | 1 | _aد.م: د.ن ، 2007 |
| 300 |
_a539ص _bيحتوي على ببلوغرافية من 507-539ص |
||
| 336 |
_atext _btxt _2rdacontent |
||
| 337 |
_aunmediated _bn _2rdamedia |
||
| 338 |
_avolume _bnc _2rdacarrier |
||
| 650 | 4 |
_aالاوراق المالية _932486 |
|
| 999 |
_aA13120 _c16688 _d16688 |
||